Loading...
| History - Other | 0 | 7 | 0 | 0 | 70 | 61 | 85.14 | 0 | 6 | 0.00 | 0.00 |
| History - European | 0 | 6 | 0 | 2 | 60 | 51 | 99.33 | 2 | 3 | 0.00 | 0.00 |
| Fine Arts - Other | 0 | 6 | 0 | 1 | 60 | 66 | 102.33 | 2 | 4 | 0.00 | 0.00 |
| Literature - European | 0 | 6 | 0 | 0 | 60 | 115 | 130.67 | 0 | 4 | 0.00 | 0.00 |
| History - World | 0 | 7 | 3 | 3 | 55 | 106 | 125.14 | 1 | 3 | 0.00 | 0.00 |
| History - American | 0 | 6 | 1 | 1 | 55 | 100 | 117.00 | 0 | 3 | 0.00 | 0.00 |
| Fine Arts - Painting and Sculpture | 0 | 5 | 0 | 0 | 50 | 100 | 107.40 | 1 | 2 | 0.00 | 0.00 |
| Literature - American | 0 | 5 | 2 | 1 | 40 | 52 | 108.60 | 0 | 2 | 0.00 | 0.00 |
| Literature - World | 0 | 4 | 0 | 2 | 40 | 137 | 146.00 | 0 | 0 | 0.00 | 0.00 |
| Philosophy | 0 | 4 | 0 | 0 | 40 | 101 | 119.50 | 0 | 1 | 0.00 | 0.00 |
| Social Science | 0 | 4 | 1 | 1 | 35 | 84 | 111.25 | 1 | 3 | 0.00 | 0.00 |
| Literature - British | 0 | 4 | 1 | 0 | 35 | 107 | 124.25 | 0 | 1 | 0.00 | 0.00 |
| Religion | 0 | 4 | 1 | 0 | 35 | 127 | 133.25 | 0 | 1 | 0.00 | 0.00 |
| Mythology | 0 | 3 | 1 | 0 | 25 | 99 | 120.67 | 0 | 1 | 0.00 | 0.00 |
| Other Academic | 0 | 2 | 0 | 0 | 20 | 73 | 88.00 | 0 | 2 | 0.00 | 0.00 |
| Geography | 0 | 2 | 0 | 0 | 20 | 76 | 96.00 | 1 | 1 | 0.00 | 0.00 |
| Science - Biology | 0 | 2 | 0 | 1 | 20 | 90 | 97.50 | 0 | 2 | 0.00 | 0.00 |
| Science - Other | 0 | 1 | 0 | 1 | 10 | 145 | 145.00 | 0 | 1 | 0.00 | 0.00 |
| Pop Culture | 0 | 1 | 0 | 0 | 10 | 53 | 53.00 | 1 | 1 | 0.00 | 0.00 |
| Current Events | 0 | 1 | 1 | 0 | 5 | 102 | 102.00 | 0 | 1 | 0.00 | 0.00 |
| Fine Arts - Classical Music | 0 | 0 | 1 | 0 | -5 | 0.00 | 0 | 0 | 0.00 | 0.00 |